| 000 | 00493 a2200157 4500 | ||
|---|---|---|---|
| 005 | 20250507121825.0 | ||
| 020 | _a0 324-20309-8 | ||
| 082 | _aLECT 330 MAN | ||
| 100 | _aMANKIW, N. G. | ||
| 245 | _aPrinciples of Economics | ||
| 250 | _a3rd Ed. | ||
| 260 |
_aAustralia, _bThomson South-western, _c2004. |
||
| 300 |
_axxxix, 848p.: ill.; figure, graph, picture, table. _bIndex. _c26cm. |
||
| 856 |
_yAccess Online Book _fPrinciples of Economics _dhttp://economics.swlearning.com |
||
| 942 |
_2ddc _cBKS |
||
| 999 |
_c2102 _d2102 |
||